Plats vietnamiens - sucré ou salé - Statistiques

Statistiques générales
  • Ce quiz a été pris 42 fois
  • Le résultat moyen est 14 sur 15
Statistiques - réponses
Plat Sucré ou Salé % Correct
thit kho tau salé
97%
chè sucré
97%
banh bo sucré
97%
banh bao salé
94%
cha la lot salé
94%
banh xeo salé
94%
banh su kem sucré
94%
xinh to sucré
94%
com rang salé
91%
trung vit lon salé
88%
sua chua sucré
88%
banh ra lon sucré
85%
banh phong tom salé
79%
banh bot loc salé
79%
banh dau xang sucré
79%
Aucun quiz correspondant
Distribution des résultats
% des personnes avec chaque résultat
Percentile par nombre de réponses
Votre historique - résultats
Vous n’avez pas pris ce quiz